Theory and practice of the EU anti-dumping policy on the example of a specific case

Definícia dampingu z pohľadu ekonomického, politického a právneho. Empirická evidencia efektu deficitných informácií pri zachovaní štandardných diplomatických a obchodných väzieb s partnermi. Situácia so solárnymi panelmi z Číny.

Guardado en:
Detalles Bibliográficos
Autor principal: Silná, Zuzana
Formato: Capítulo de libro
Lenguaje:inglés
Materias:
Etiquetas: Agregar Etiqueta
Sin Etiquetas, Sea el primero en etiquetar este registro!

MARC

LEADER 00000nla a2200000 4500
001 0180670
005 20240502073102.7
041 0 |a eng 
044 |a SK 
245 1 0 |a Theory and practice of the EU anti-dumping policy on the example of a specific case  |c Zuzana Silná 
520 |a Definícia dampingu z pohľadu ekonomického, politického a právneho. Empirická evidencia efektu deficitných informácií pri zachovaní štandardných diplomatických a obchodných väzieb s partnermi. Situácia so solárnymi panelmi z Číny. 
610 2 0 |a dumping 
610 2 0 |a informácie 
610 2 0 |a partneri obchodní 
610 2 0 |a vzťahy ekonomické 
610 2 0 |a vzťahy dodávateľsko-odberateľské 
610 2 0 |a vzťahy hospodárske vonkajšie 
610 2 0 |a vzťahy obchodné 
610 2 0 |a Čína 
100 1 |a Silná, Zuzana